|
|
|
|
| LEADER |
00769nta a2200193 i 4500 |
| 001 |
dipl128596 |
| 005 |
20220802153333.0 |
| 008 |
220802s2011 hu om 0|| hun d |
| 040 |
|
|
|a SZTE Diploma Repozitórium
|b hun
|
| 041 |
|
|
|a hun
|
| 100 |
1 |
|
|a Jancsurák Diána Erika
|
| 245 |
1 |
0 |
|a Családbarát munkahelyek jogi feltételeinek kialakítása Magyarországon
|h [elektronikus dokumentum] /
|c Diána Erika Jancsurák
|
| 246 |
1 |
0 |
|a Legal environment of family-friendly workplace’s in Hungary
|h [elektronikus dokumentum]
|
| 260 |
|
|
|c 2011
|
| 650 |
|
4 |
|a Jogi és igazgatási tanulmányok
|
| 650 |
|
4 |
|a Social sciences
|
| 650 |
|
4 |
|a Law
|
| 700 |
1 |
|
|a Hajdú József
|e ths
|
| 856 |
4 |
0 |
|u http://diploma.bibl.u-szeged.hu/id/eprint/128596/1/2011_jancsurak_diana_erika.pdf
|z Dokumentum-elérés
|